000 00226nam a2200097Ia 4500
008 190216s9999||||xx |||||||||||||| ||und||
100 _aRajendra Sharma
245 0 _aHindi-Sarath
260 _bPoorna Pubs Kozhikode
942 _cBK
999 _c15407
_d15407